00974cam a22002651 4500001001300000003000400013005001700017008004100034010001700075035002000092040004600112042001200158050001500170100003200185245005000217260004900267300003100316490004200347490004700389500007000436610005700506830004500563830008300608999001700691sd 59000005 DLC20260227112736.0921016r19591959dcu f000 0 eng c asd 59000005  a(OCoLC)26796084 aU.S. Dept. of State. LibrarycDSdDSdDLC apremarc00aJK851b.W51 aWhite, Paul Lincoln,d1906-04aThe News Division of the Department of State. a[Washington,bU.S. Govt. Print. Off.,c1959] a11 p.billus.c22 x 10 cm.1 aDepartment of State publicationv68591 aDepartment and Foreign Service series,v90 aReprinted from the Department of State bulletin of June 22, 1959.10aUnited States.bDepartment of State.bNews Division. 0aDepartment of State publication ;v6859. 0aDepartment of State publication.pDepartment and Foreign Service series ;v90. c90071d90071